00317nam a2200121Ia 4500008004100000041000800041082001500049100002000064245003600084260003600120300003000156365000900186240624s9999 xx 000 0 und d aeng a001.42 OSB aOSBORNE JASON W aBEST PRACTICES IN DATA CLEANING c2013aLondonbSage Publications axv, : 275 : p. : cm. ; 23 cb30